000 00523 a2200169 4500
005 20250605080433.0
020 _a0-07-249781-5
082 _aTEA. LECT 658.022 MEG
100 _aMEGGINSON, L. C.
245 _aSmall Business Management : An Entrepreneur's Guidebook.
250 _a4th Ed
260 _aNew York,
_bMcGraw-Hill,
_c2003.
300 _axxi, 518p.: ill.; figure
_bGlossary & Index
_c26cm.
700 _aBYRD, M. J. & MEGGINSON, W. L.
856 _yAccess Online Book
_fBusiness
_dwww.mhhe.com
942 _2ddc
_cBKS
999 _c3183
_d3183